My Little Pony Main Characters - Statistics

General Stats
  • This quiz has been taken 1,521 times
  • The average score is 5 of 7
Answer Stats
Hint Answer % Correct
Rainbow Dash
81%
Twilight Sparkle
80%
Applejack
79%
Rarity
73%
Fluttershy
71%
Pinkie Pie
69%
Spike
44%
No matching quizzes found
Score Distribution
Percent of People with Each Score
Percentile by Number Answered
Your Score History
You have not taken this quiz